Normal view
MARC view
Entry Personal Name
001 - CONTROL NUMBER
- control field: 546161
003 - CONTROL NUMBER IDENTIFIER
- control field: OSt
005 - DATE AND TIME OF LATEST TRANSACTION
- control field: 20220930091619.0
008 - FIXED-LENGTH DATA ELEMENTS
- fixed length control field: 220930|| aca||aabn | a|a d
040 ## - CATALOGING SOURCE
- Original cataloging agency: OSt
- Transcribing agency: OSt
100 ## - HEADING--PERSONAL NAME
- Personal name: Dr. P. N. Raju Gu
670 ## - SOURCE DATA FOUND
- Source citation: Work cat.: (OSt)882348: Agarwal Sanchika Au. 546159, Standardization of berberis aristata and assessment of hepatoprotective activity of berberine proliposomes in wistar rats, 2011
